| 000 | 00751nam a22001817a 4500 | ||
|---|---|---|---|
| 999 |
_c61440 _d61440 |
||
| 005 | 20240313162752.0 | ||
| 008 | 240313s1957 ru ||||| |||| 00| 0 rus d | ||
| 041 | _arus | ||
| 080 | _a008(11)(09) K-71 | ||
| 100 |
_aКосвен, М.O. _921421 |
||
| 245 |
_aОчерки истории первобытной культуры / _cМ.О. Косвен. |
||
| 250 | _a2-е издание, исправленное и дополненное | ||
| 264 |
_aМосква : _bИзд-во Акад. наук СССР, _c1957. |
||
| 300 |
_a240 с. : _bил. ; _c 21 см. |
||
| 440 |
_aНаучно-популярная серия _920761 |
||
| 653 | _aპირველყოფილი კულტურის ისტორია | ||
| 942 |
_2udc _cBK |
||